The Antiquity of Man (Record no. 552613)

000 -LEADER
fixed length control field 00366nam a22001337a 4500
082 ## - DEWEY DECIMAL CLASSIFICATION NUMBER
Classification number 573.3
Author Mark KEI
100 ## - MAIN ENTRY--PERSONAL NAME
Personal name Keith, Sir Arthur
9 (RLIN) 49870
245 ## - TITLE STATEMENT
Title The Antiquity of Man
Statement of responsibility, etc. Sir Arthur,Keith
260 ## - PUBLICATION, DISTRIBUTION, ETC.
Place of publication, distribution, etc. London
Name of publisher, distributor, etc. Williams and Norgate, LTD.
Date of publication, distribution, etc. 1925
300 ## - PHYSICAL DESCRIPTION
Extent xxxii, 376p.:
526 ## - STUDY PROGRAM INFORMATION NOTE
Program name 0
Interest level 0
Reading level 0
Title point value 573_300000000000000_KEI
650 ## - SUBJECT ADDED ENTRY--TOPICAL TERM
Topical term or geographic name entry element MCE
9 (RLIN) 379
942 ## - ADDED ENTRY ELEMENTS (KOHA)
Source of classification or shelving scheme
Koha item type Book
Holdings
Withdrawn status Lost status Source of classification or shelving scheme Damaged status Not for loan Permanent Location Current Location Shelving location Date acquired Total Checkouts Full call number Barcode Date last seen Price effective from Koha item type
          Military College of Engineering (MCE) Military College of Engineering (MCE)   01/20/2015   573.3 KEI MCE-ECA/1 01/20/2015 01/20/2015 Book
© 2023 Central Library, National University of Sciences and Technology. All Rights Reserved.